The first folio of Shake-speare /

Bibliographic Details
Main Author: Johnson, Edward D.
Format: Book
Language:English
Published: [London] : C. Palmer, [1932]
Edition:[1st ed.].
Subjects:

MARC

Tag First Indicator Second Indicator Subfields
LEADER 00000cam a2200000 4500
001 in00000034134
005 20151007055217.0
008 761203s1932 enkc 00010 eng
010 |a  33001103  
035 |a (OCoLC)02594745 
035 |9 AAB7586AM 
040 |a DLC  |c TXA  |d TXA  |d m.c.  |d m/c  |d TXA  |d UtOrBLW 
049 |a TXAM  |c [1359001] 
050 0 0 |a PR2944  |b .J6 
050 4 |a PR3071  |b .J6 
082 0 |a 822.33 
100 1 |a Johnson, Edward D. 
245 1 4 |a The first folio of Shake-speare /  |c by Edward D. Johnson. 
250 |a [1st ed.]. 
264 1 |a [London] :  |b C. Palmer,  |c [1932] 
300 |a ix, 91 pages :  |b frontispiece (portrait) ;  |c 23 cm. 
336 |a text  |b txt  |2 rdacontent 
337 |a unmediated  |b n  |2 rdamedia 
338 |a volume  |b nc  |2 rdacarrier 
500 |a A study of the pagination of the First folio; the author attributes the plays to Bacon. 
600 1 0 |a Shakespeare, William,  |d 1564-1616  |v Bibliography  |x Folios. 1623. 
600 1 0 |a Shakespeare, William,  |d 1564-1616  |x Authorship  |x Baconian theory. 
600 1 0 |a Shakespeare, William,  |d 1564-1616  |x Criticism, Textual. 
600 1 0 |a Bacon, Francis,  |d 1561-1626. 
999 |a MARS 
999 f f |s f5104747-2ab9-383e-8c4d-3eff738a93cb  |i 4245ac68-0e3c-388f-bae4-ec50c5ae994f  |t 0 
952 f f |p normal  |a Texas A&M University  |b College Station  |c Sterling C. Evans Library  |d Evans: Library Stacks  |t 0  |e PR3071 .J6  |h Library of Congress classification  |i unmediated -- volume  |m A14810782457 
998 f f |a PR3071 .J6  |t 0  |l Evans: Library Stacks